Online Catalogue and eLibrary

Ape kresthra athdekeem : (Record no. 5012)

MARC details
000 -LEADER
fixed length control field 00439nam a2200145Ia 4500
005 - DATE AND TIME OF LATEST TRANSACTION
control field 20250617030237.0
008 - FIXED-LENGTH DATA ELEMENTS--GENERAL INFORMATION
fixed length control field 240331s9999 xx 000 0 und d
082 ## - DDC Classification
Item Number - Author Mark APE
245 #0 - TITLE STATEMENT
Title Ape kresthra athdekeem :
Remainder of title hea api sreewadaya dakina hati
260 ## - PUBLICATION, DISTRIBUTION, ETC.
Place of publication, distribution, etc. Borella
Name of publisher, distributor, etc. Research Institute
Date of publication, distribution, etc. 1989
300 ## - PHYSICAL DESCRIPTION
Extent (e.g. Volumes, Pages etc.) 92 p .,
500 ## - GENERAL NOTE
General note A Women's Voices - our filed experiences and how we see feminism
700 ## - ADDED ENTRY--PERSONAL NAME
Personal name Kantha Handa.
Relator term (Role) Editor
942 ## - Koha item type (Biblio)
Koha item type Books in Stacks (Lending)
Holdings
Lost status Damaged status Collection code Home library Current library Shelving location Date acquired Full call number Accession Number Item type
    Lending WERC Library WERC Library Social Science Cupboard 03/31/2024 305.40984 APE 908 Books in Stacks (Lending)

© WERC Library